Ukraine : Recent Economic Developments.

This paper reviews economic developments in Ukraine during 1996-99. Output decline continued in 1997 and 1998, especially following the August 1998 crisis in Russia. During this period, Ukraine made substantial progress in reducing inflation, mainly through the implementation of a monetary policy th...

Deskribapen osoa

Xehetasun bibliografikoak
Erakunde egilea: International Monetary Fund
Formatua: Aldizkaria
Hizkuntza:English
Argitaratua: Washington, D.C. : International Monetary Fund, 1999.
Saila:IMF Staff Country Reports; Country Report ; No. 1999/042
Sarrera elektronikoa:Full text available on IMF
LEADER 01574cas a2200241 a 4500
001 AALejournalIMF007607
008 230101c9999 xx r poo 0 0eng d
020 |c 5.00 USD 
020 |z 9781451838930 
022 |a 1934-7685 
040 |a BD-DhAAL  |c BD-DhAAL 
110 2 |a International Monetary Fund. 
245 1 0 |a Ukraine :   |b Recent Economic Developments. 
264 1 |a Washington, D.C. :  |b International Monetary Fund,  |c 1999. 
300 |a 1 online resource (170 pages) 
490 1 |a IMF Staff Country Reports 
500 |a <strong>Off-Campus Access:</strong> No User ID or Password Required 
500 |a <strong>On-Campus Access:</strong> No User ID or Password Required 
506 |a Electronic access restricted to authorized BRAC University faculty, staff and students 
520 3 |a This paper reviews economic developments in Ukraine during 1996-99. Output decline continued in 1997 and 1998, especially following the August 1998 crisis in Russia. During this period, Ukraine made substantial progress in reducing inflation, mainly through the implementation of a monetary policy that aimed at keeping the exchange rate broadly stable. However, the fiscal situation remained difficult, despite a sizable adjustment in 1998. Throughout the period, economic policy was influenced by developments in international capital markets. 
538 |a Mode of access: Internet 
830 0 |a IMF Staff Country Reports; Country Report ;  |v No. 1999/042 
856 4 0 |z Full text available on IMF  |u http://elibrary.imf.org/view/journals/002/1999/042/002.1999.issue-042-en.xml  |z IMF e-Library